000 00942 a2200217 4500
001 28146
005 20260407155553.0
008 260407a1989 arg spa d
003 AR-UNSa-BCEJYS
040 _aAR-UNSa-BCEJYS
_bspa
_cAR-UNSa-BCEJYS
080 _a347.4
_xObligaciones. Contratos. Acuerdos. Convenios
245 1 0 _aTeoría de la imprevisión
_paplicación y alcances, doctrina, Jurisprudencia
020 _a950-14-0523-0
264 1 _aBuenos Aires :
_bEdiciones Depalma
_c1989
300 _a284 p.
_c23 cm.
505 _a1. Configuración de la teoría de la imprevisión - 2. Incidencia de la teoría de la imprevisión en algunas instituciones del derecho - 3. La teoría de la imprevisión y las contingencias económicas en nuestro país - 4. Conclusiones - 5. Jornadas y congresos - 6. Jurisprudencia
942 _cBK
590 _aniveau_biblio:m niveau_hierar:0
100 1 _aFlah, Lily R.
700 1 _aSmayevsky, Miriam
999 _c1654
_d1654